| 000 | 00814nam a22002177a 4500 | ||
|---|---|---|---|
| 003 | 0 | ||
| 005 | 20250129102427.0 | ||
| 008 | 150916b xxu||||| |||| 00| 0 eng d | ||
| 050 |
_aPGS ML 3920 _b.D668 2015 |
||
| 100 | _aDomelow, Neil Harry Jr. | ||
| 245 |
_aMusic preference and concentration skills / _cNeil Harry Domelow Jr. |
||
| 260 |
_aLas PiƱas City, Philippines : _bSouthville International School and Colleges, _c2015. |
||
| 300 |
_a28 p. : _bill. ; _c28 cm. _fPASS |
||
| 504 | _aIncludes bibliographical references. | ||
| 650 |
_2Library of Congress Subject Headings _aMusic _vPsychological aspects. |
||
| 650 | _aMusic and children. | ||
| 650 |
_aConcentration _vPsychological aspects. |
||
| 650 | _aAttention in children. | ||
| 650 |
_aElementary school students _vPsychology |
||
| 942 |
_2lcc _cPASS |
||
| 999 |
_c288677 _d288677 |
||